Catalog

Record Details

Catalog Search



The orange outlaw  Cover Image Book Book

The orange outlaw / by Ron Roy ; illustrated by John Steven Gurney.

Roy, Ron, 1940- (Author). Gurney, John Steven, 1962- (Illustrator).

Summary:

While visiting Dink's uncle in New York City, Dink, Josh, and Ruth Rose help uncover who is responsible for stealing a very valuable painting.

Record details

  • ISBN: 9780439516839
  • ISBN: 0439516838
  • Physical Description: 80 pages : illustrations ; 20 cm.
  • Publisher: New York : Scholastic, 2003, ©2001.

Content descriptions

General Note:
"A stepping stone book."
"This edition is only available for distribution through the school market."--Page [4] cover.
Subject: Duncan, Dink (Fictitious character) > Juvenile fiction.
Pinto, Josh (Fictitious character) > Juvenile fiction.
Hathaway, Ruth Rose (Fictitious character) > Juvenile fiction.
Art thefts > Juvenile fiction.
Detective and mystery stories.
Genre: Mystery fiction.

LDR 01628cam a2200385Ia 4500
001133778
003CONS
00520170807133028.0
008041118t20032001nyua c 000 1 eng
020 . ‡a9780439516839 ‡q(pbk.)
020 . ‡a0439516838 ‡q(pbk.)
035 . ‡a(CPomAG)LMN505965
05000. ‡aPZ7.R8139 ‡bOr 2001
08204. ‡a[Fic] ‡222
1001 . ‡aRoy, Ron, ‡d1940-
24514. ‡aThe orange outlaw / ‡cby Ron Roy ; illustrated by John Steven Gurney.
260 . ‡aNew York : ‡bScholastic, ‡c2003, ©2001.
300 . ‡a80 pages : ‡billustrations ; ‡c20 cm.
336 . ‡atext ‡btxt ‡2rdacontent
337 . ‡aunmediated ‡bn ‡2rdamedia
338 . ‡avolume ‡bnc ‡2rdacarrier
4901 . ‡aA to Z mysteries
500 . ‡a"A stepping stone book."
500 . ‡a"This edition is only available for distribution through the school market."--Page [4] cover.
520 . ‡aWhile visiting Dink's uncle in New York City, Dink, Josh, and Ruth Rose help uncover who is responsible for stealing a very valuable painting.
650 0. ‡aDuncan, Dink (Fictitious character) ‡vJuvenile fiction.
650 0. ‡aPinto, Josh (Fictitious character) ‡vJuvenile fiction.
650 0. ‡aHathaway, Ruth Rose (Fictitious character) ‡vJuvenile fiction.
650 0. ‡aArt thefts ‡vJuvenile fiction.
650 0. ‡aDetective and mystery stories.
655 7. ‡aMystery fiction. ‡2gsafd
7001 . ‡aGurney, John Steven, ‡d1962- ‡4ill
8001 . ‡aRoy, Ron, ‡d1940- ‡tA to Z mysteries.
959 . ‡i32269001014532 ‡lJF Roy ‡aJuvenile - Fiction ‡tJuv Fiction ‡g6.00 ‡oMystery
852 . ‡p32269001014532 ‡jJF Roy ‡gJuvenile - Fiction ‡cJuv Fiction ‡y6.00 ‡bSBPL
901 . ‡a133778 ‡bUnknown ‡c133778 ‡tbiblio

Additional Resources